Dans quel jeu Mario, Bowser fait-il ça ? - Statistiques

Statistiques générales
  • Ce quiz a été pris 75 fois
  • Le résultat moyen est 9 sur 15
Statistiques - réponses
Hint Réponse % Correct
A encore une fois kidnappé Peach mais cette fois est sur le point
de l'épouser et a préparé pour l'occasion son plus beau costume
blanc ainsi qu'un gâteau
Super Mario Odyssey
84%
Enlève carrément le château de Peach et projette de devenir
le maître de la galaxie
Super Mario Galaxy
80%
Mange un champignon qui lui fait avaler Mario et ses alliés Mario & Luigi: Voyage au Centre de Bowser
70%
A avalé une grande étoile et se met à drainer l'énergie d'une comète
au centre de l'univers
Super Mario Galaxy 2
70%
A fait croire à son fils Bowser Junior que Peach était sa mère Super Mario Sunshine
70%
Rencontre son double du passé et fait équipe avec lui Mario & Luigi: Les Frères du Temps
64%
Meurt noyé dans la lave mais est ressuscité par Bowser Junior
en Bowser Squelette
New Super Mario Bros
61%
Capture Peach et d'autres princesses et les garde enfermés dans
un bocal
Super Mario 3D World
61%
A enfermé Peach et ses serviteurs derrière des portes menant
vers d'autres dimensions à l'intérieur du château de Peach
Super Mario 64
61%
Fusionne avec un château Super Mario Bros Wonder
61%
S'associe à Mario afin de récupérer son château dont il a été
délogé par le gang des méchants
Super Mario RPG
48%
S'allie avec Mario avant de perdre la mémoire et d'être recruté
par un cambrioleur
Mario & Luigi: Superstar Saga
45%
Est envoyé dans une dimension parallèle par le méchant du jeu
qui organise son mariage avec Peach afin de créer un vortex
Super Paper Mario
36%
Vole une baguette magique qui lui permet d'exaucer son voeu
d'enlever Peach sans craindre Mario
Paper Mario
34%
Est téléporté dans une autre dimension, et prend le contrôle
d'un île en retournant ses habitants contre Mario
Mario & Luigi: L'Epopée Fraternelle
25%
Aucun quiz correspondant
Distribution des résultats
% des personnes avec chaque résultat
Percentile par nombre de réponses
Votre historique - résultats
Vous n’avez pas pris ce quiz